[Event "Pardubice Czech op-C 30th"]
[Site "Pardubice"]
[Date "2019.07.26"]
[Round "8"]
[White "Sudarev, Igor"]
[Black "Mezlik, Stanislav"]
[Result "1-0"]
[WhiteElo "1824"]
[BlackElo "1919"]
[PlyCount "121"]
[EventDate "2019.07.20"]
[EventType "swiss"]
[EventRounds "9"]
[EventCountry "CZE"]
[SourceTitle "EXT 2020"]
[Source "ChessBase"]
[SourceDate "2019.10.17"]
[SourceVersion "1"]
[SourceVersionDate "2019.10.17"]
[SourceQuality "1"]

1. e4 e5 2. Nf3 Nc6 3. Bb5 a6 4. Ba4 Nf6 5. d4 b5 6. dxe5 bxa4 7. exf6 Qxf6 8. 0-0 Bd6 9. Nc3 0-0 10. Re1 Re8 11. Nd5 Qe6 12. Bf4 Bxf4 13. Nxf4 Qg4 14. Nd5 Ra7 15. Qd3 d6 16. a3 Bd7 17. Nc3 Ne5 18. Nxe5 Rxe5 19. f3 Qg5 20. Nxa4 Bb5 21. Qd4 Rb7 22. Nc3 Bc6 23. b3 Rc5 24. b4 Qe5 25. Qxe5 Rxe5 26. Rad1 g5 27. Kf2 Kg7 28. Nd5 f5 29. c4 Ba4 30. Rd3 f4 31. g3 fxg3+ 32. hxg3 Re6 33. Ne3 h5 34. Rd5 Re5 35. f4 Rxd5 36. exd5 gxf4 37. gxf4 Kf6 38. Rh1 Be8 39. Kf3 Bf7 40. Nf1 Rb8 41. Ng3 Rh8 42. Ne4+ Kf5 43. Rh4 Rh6 44. Ng3+ Kf6 45. Nf1 Bg6 46. Ne3 Rh7 47. a4 Rh8 48. Rh2 Rb8 49. b5 a5 50. f5 Bf7 51. c5 dxc5 52. Rc2 Ke5 53. Rxc5 Rd8 54. Rxc7 Bxd5+ 55. Nxd5 Rxd5 56. Rc4 Rd3+ 57. Ke2 Rb3 58. Kd2 Rh3 59. b6 Rb3 60. Rc5+ Kd4 61. Rb5 1-0

[Event "Pardubice Czech op-C 30th"]
[Site "Pardubice"]
[Date "2019.07.21"]
[Round "2"]
[White "Nemecek, Lukas"]
[Black "Mezlik, Stanislav"]
[Result "1-0"]
[WhiteElo "1692"]
[BlackElo "1919"]
[PlyCount "37"]
[EventDate "2019.07.20"]
[EventType "swiss"]
[EventRounds "9"]
[EventCountry "CZE"]
[SourceTitle "EXT 2020"]
[Source "ChessBase"]
[SourceDate "2019.10.17"]
[SourceVersion "1"]
[SourceVersionDate "2019.10.17"]
[SourceQuality "1"]

1. e4 c5 2. Nc3 Nc6 3. g3 g6 4. Bg2 Bg7 5. d3 e6 6. Be3 b6 7. Qd2 Bb7 8. Nge2 Nd4 9. Bxd4 cxd4 10. Nb5 Qe7 11. Nc7+ Kf8 12. Nxa8 Bxa8 13. 0-0 Bh6 14. f4 e5 15. c3 Nf6 16. cxd4 exd4 17. Qc2 Ng4 18. Qa4 d6 19. h3 1-0

[Event "CZE-chT2D 1819"]
[Site "Czech Republic"]
[Date "2019.01.13"]
[Round "6.8"]
[White "Borovsky, Adam"]
[Black "Mezlik, Stanislav"]
[Result "1/2-1/2"]
[WhiteElo "1953"]
[BlackElo "1885"]
[PlyCount "97"]
[EventDate "2018.10.14"]
[EventType "team-tourn"]
[EventRounds "11"]
[EventCountry "CZE"]
[SourceTitle "EXT 2022"]
[Source "ChessBase"]
[SourceDate "2021.10.06"]
[SourceVersion "1"]
[SourceVersionDate "2021.10.06"]
[SourceQuality "1"]
[WhiteTeam "Orechov"]
[BlackTeam "Dalesice Pivovar"]
[WhiteTeamCountry "CZE"]
[BlackTeamCountry "CZE"]

1. c4 e5 2. Nc3 Nf6 3. d3 d5 4. cxd5 Nxd5 5. Nf3 Nc6 6. g3 Be7 7. Bg2 Nb6 8. 0-0 0-0 9. a3 Be6 10. b4 f6 11. Ne4 Kh8 12. Qc2 Qd7 13. Bb2 Bd6 14. Rac1 Rac8 15. Rfd1 Qf7 16. Nfd2 Rfd8 17. Nc4 Nxc4 18. dxc4 Be7 19. Rxd8+ Rxd8 20. e3 Qh5 21. f3 Qh6 22. Qe2 f5 23. Nf2 Bf6 24. Rd1 Rxd1+ 25. Nxd1 f4 26. exf4 exf4 27. g4 Qg6 28. Bf1 Bd4+ 29. Kg2 Bxb2 30. Qxb2 h5 31. b5 Ne7 32. Qe5 Nf5 33. Qxf4 hxg4 34. fxg4 Nd6 35. Nf2 Qf7 36. Qxf7 Bxf7 37. c5 Nc4 38. Bxc4 Bxc4 39. a4 Kg8 40. Kf3 Kf7 41. Kf4 Ke6 42. Kg5 Bb3 43. a5 Bc2 44. b6 cxb6 45. axb6 axb6 46. cxb6 Kd6 47. Kf4 Kc5 48. Ne4+ Kxb6 49. Nd6 1/2-1/2

[Event "CZE-chT2D 1819"]
[Site "Czech Republic"]
[Date "2018.10.14"]
[Round "1.7"]
[White "Tikovsky, Alexander"]
[Black "Mezlik, Stanislav"]
[Result "1/2-1/2"]
[WhiteElo "2180"]
[BlackElo "1885"]
[PlyCount "80"]
[EventDate "2018.10.14"]
[EventType "team-tourn"]
[EventRounds "11"]
[EventCountry "CZE"]
[SourceTitle "EXT 2022"]
[Source "ChessBase"]
[SourceDate "2021.10.06"]
[SourceVersion "1"]
[SourceVersionDate "2021.10.06"]
[SourceQuality "1"]
[WhiteTeam "Brno Moravska Slavia II"]
[BlackTeam "Dalesice Pivovar"]
[WhiteTeamCountry "CZE"]
[BlackTeamCountry "CZE"]

1. d4 Nf6 2. Bf4 d6 3. Nf3 g6 4. e3 Bg7 5. Be2 0-0 6. 0-0 Nbd7 7. h3 b6 8. c4 e6 9. Nc3 Bb7 10. Qc2 Qe7 11. Bh2 Rfd8 12. b4 a5 13. a3 e5 14. Nb5 Ne8 15. Rac1 c6 16. Nc3 axb4 17. axb4 Nc7 18. Rb1 Ra3 19. c5 dxc5 20. bxc5 Ne6 21. Rfd1 exd4 22. exd4 Nexc5 23. Re1 Ne6 24. Ne4 c5 25. dxc5 Ndxc5 26. Nxc5 bxc5 27. Bg3 Bd5 28. Bh4 Bf6 29. Bg3 Ra2 30. Qc1 Be4 31. Rb6 Qa7 32. Rxe6 fxe6 33. Qf4 Bf5 34. Bc4 Ra1 35. Bxe6+ Bxe6 36. Qxf6 Rxe1+ 37. Nxe1 Qd7 38. Be5 Bf5 39. Qh8+ Kf7 40. Qf6+ Ke8 1/2-1/2

[Event "Trebic Highlands op 12th"]
[Site "Trebic"]
[Date "2018.09.26"]
[Round "5"]
[White "Mezlik, Stanislav"]
[Black "Pribyl, Josef"]
[Result "1/2-1/2"]
[WhiteElo "1885"]
[BlackElo "2250"]
[PlyCount "59"]
[EventDate "2018.09.22"]
[EventType "swiss"]
[EventRounds "9"]
[EventCountry "CZE"]
[SourceTitle "CBM 186 Extra"]
[Source "ChessBase"]
[SourceDate "2018.08.24"]
[SourceVersion "1"]
[SourceVersionDate "2018.08.24"]
[SourceQuality "1"]

1. d4 d6 2. Nf3 Bg4 3. e4 Nf6 4. Bd3 Nc6 5. c3 e5 6. Be3 Be7 7. Nbd2 0-0 8. h3 Bd7 9. d5 Nb8 10. c4 c5 11. 0-0 Na6 12. Qe2 Ne8 13. Rae1 g6 14. Nh2 Bg5 15. f4 exf4 16. Bxf4 Bxf4 17. Rxf4 Qg5 18. Rf2 f6 19. Ndf3 Qh6 20. Qd2 Qxd2 21. Nxd2 Nac7 22. Be2 Ng7 23. Bg4 f5 24. exf5 gxf5 25. Bf3 Rae8 26. Rfe2 Rxe2 27. Rxe2 Re8 28. g4 Rxe2 29. Bxe2 Kf7 30. Kf2 1/2-1/2

[Event "Trebic Highlands op 12th"]
[Site "Trebic"]
[Date "2018.09.24"]
[Round "3"]
[White "Tesar, Jan"]
[Black "Mezlik, Stanislav"]
[Result "0-1"]
[WhiteElo "2033"]
[BlackElo "1885"]
[PlyCount "110"]
[EventDate "2018.09.22"]
[EventType "swiss"]
[EventRounds "9"]
[EventCountry "CZE"]
[SourceTitle "CBM 186 Extra"]
[Source "ChessBase"]
[SourceDate "2018.08.24"]
[SourceVersion "1"]
[SourceVersionDate "2018.08.24"]
[SourceQuality "1"]

1. c4 e5 2. Nc3 Nf6 3. e4 Bc5 4. Be2 d6 5. Nf3 Nc6 6. 0-0 Nd4 7. a3 0-0 8. d3 c6 9. h3 a6 10. Kh1 Nxf3 11. Bxf3 Be6 12. Qe1 Qd7 13. Kh2 Qc7 14. g3 Rae8 15. Bg2 Nd7 16. g4 Qd8 17. f4 exf4 18. Bxf4 Ne5 19. Qg3 Ng6 20. Be3 Bxe3 21. Qxe3 Qa5 22. Rae1 Qe5+ 23. Kh1 h6 24. b4 Qg5 25. Qg3 Rd8 26. Ne2 Rfe8 27. Nd4 Bc8 28. Rd1 Re7 29. Rf2 Qh4 30. Qxh4 Nxh4 31. a4 Nxg2 32. Kxg2 d5 33. exd5 cxd5 34. c5 Bd7 35. b5 Rc8 36. Rc1 g6 37. Rb2 axb5 38. axb5 Re3 39. c6 bxc6 40. bxc6 Be6 41. c7 Bd7 42. Rc5 Rxd3 43. Nf3 f6 44. Kf2 Kf7 45. Rb8 d4 46. Rc4 Rc3 47. Rxd4 R8xc7 48. Rb2 Bc6 49. Ng1 Re7 50. h4 Re4 51. Rxe4 Bxe4 52. Rb4 Bd5 53. Rb5 Ke6 54. Ne2 Rc2 55. Ke3 Rxe2+ 0-1

[Event "Pardubice Czech op-C 29th"]
[Site "Pardubice"]
[Date "2018.07.27"]
[Round "8"]
[White "Mezlik, Stanislav"]
[Black "Nemecek, Lukas"]
[Result "0-1"]
[WhiteElo "1894"]
[BlackElo "1651"]
[PlyCount "62"]
[EventDate "2018.07.21"]
[EventType "swiss"]
[EventRounds "9"]
[EventCountry "CZE"]
[SourceTitle "CBM 186 Extra"]
[Source "ChessBase"]
[SourceDate "2018.08.24"]
[SourceVersion "1"]
[SourceVersionDate "2018.08.24"]
[SourceQuality "1"]

1. d4 f5 2. g3 Nf6 3. Bg2 d5 4. Nf3 e6 5. 0-0 Bd6 6. Bf4 Bxf4 7. gxf4 0-0 8. Nbd2 Nbd7 9. e3 Qe7 10. Qe2 Ne4 11. Nb3 Ndf6 12. Ne5 Bd7 13. f3 Nd6 14. Qe1 Rac8 15. Rf2 b6 16. c3 c5 17. Bf1 Be8 18. Kh1 Nf7 19. Rg2 Nh5 20. Be2 Nxe5 21. dxe5 Kh8 22. Qf2 a5 23. Rag1 a4 24. Nd2 b5 25. Nf1 Rc7 26. Rg5 b4 27. Qh4 g6 28. Qh3 a3 29. Qg2 axb2 30. Bd3 bxc3 31. Qc2 d4 0-1

[Event "Trebic Highlands op 11th"]
[Site "Trebic"]
[Date "2017.09.28"]
[Round "6"]
[White "Mezlik, Stanislav"]
[Black "Freeland, Alex"]
[Result "0-1"]
[WhiteElo "1903"]
[BlackElo "1988"]
[PlyCount "68"]
[EventDate "2017.09.23"]
[EventType "swiss"]
[EventRounds "9"]
[EventCountry "CZE"]
[SourceTitle "EXT 2018"]
[Source "ChessBase"]
[SourceDate "2017.10.13"]
[SourceVersion "1"]
[SourceVersionDate "2017.10.13"]
[SourceQuality "1"]

1. d4 e6 2. c4 Nf6 3. Nc3 Bb4 4. Qc2 b6 5. a3 Bxc3+ 6. Qxc3 Bb7 7. Nf3 0-0 8. e3 d6 9. Be2 Nbd7 10. b3 c5 11. Bb2 cxd4 12. Nxd4 Bxg2 13. Rg1 Be4 14. Bf3 e5 15. Nc6 Bxc6 16. Bxc6 Rc8 17. Bf3 b5 18. a4 bxc4 19. b4 a5 20. b5 Nc5 21. Ke2 Nd3 22. Ba3 Qb6 23. Bc6 Nxf2 24. Qxc4 N2e4 25. Qd3 Rxc6 26. bxc6 Qxc6 27. Rgc1 Qd7 28. Rf1 Qg4+ 29. Ke1 Qh4+ 30. Kd1 Nf2+ 31. Rxf2 Qxf2 32. Qxd6 Qf1+ 33. Kc2 Rc8+ 34. Kb2 Qe2+ 0-1

[Event "Trebic Highlands op 11th"]
[Site "Trebic"]
[Date "2017.09.28"]
[Round "7"]
[White "Rychtecky, Pavel"]
[Black "Mezlik, Stanislav"]
[Result "0-1"]
[WhiteElo "1527"]
[BlackElo "1903"]
[PlyCount "88"]
[EventDate "2017.09.23"]
[EventType "swiss"]
[EventRounds "9"]
[EventCountry "CZE"]
[SourceTitle "EXT 2018"]
[Source "ChessBase"]
[SourceDate "2017.10.13"]
[SourceVersion "1"]
[SourceVersionDate "2017.10.13"]
[SourceQuality "1"]

1. e4 c6 2. d4 d5 3. Nc3 dxe4 4. Nxe4 Bf5 5. Ng3 Bg6 6. Nf3 Nd7 7. h4 h6 8. h5 Bh7 9. Bd3 Bxd3 10. Qxd3 e6 11. Bd2 Ngf6 12. c4 Be7 13. 0-0-0 0-0 14. Ne4 Nxe4 15. Qxe4 Nf6 16. Qe2 Kh8 17. Kb1 Qc7 18. Ne5 Bd6 19. f4 Rad8 20. Bc3 b5 21. Qe1 Qb7 22. Bb4 bxc4 23. Bxd6 Rxd6 24. Nxc4 Rd5 25. Ne5 Rb5 26. Qc3 Nd5 27. Qc1 Rb8 28. Rd2 Kg8 29. Rf1 c5 30. dxc5 Qa6 31. b3 Qa5 32. Nc4 Qc7 33. g3 Rxc5 34. Rc2 Nb4 35. Rc3 Qc6 36. Rd1 Rd5 37. a3 Rxd1 38. Qxd1 Qe4+ 39. Ka1 Nd5 40. Rd3 Qf5 41. Nd6 Qf6+ 42. Ka2 Nc3+ 43. Rxc3 Qxc3 44. Ne4 Qc6 0-1

[Event "Trebic Highlands op 11th"]
[Site "Trebic"]
[Date "2017.09.24"]
[Round "2"]
[White "Mezlik, Stanislav"]
[Black "Walek, Petr"]
[Result "0-1"]
[WhiteElo "1903"]
[BlackElo "2167"]
[PlyCount "118"]
[EventDate "2017.09.23"]
[EventType "swiss"]
[EventRounds "9"]
[EventCountry "CZE"]
[SourceTitle "EXT 2018"]
[Source "ChessBase"]
[SourceDate "2017.10.13"]
[SourceVersion "1"]
[SourceVersionDate "2017.10.13"]
[SourceQuality "1"]

1. e4 c5 2. Nf3 g6 3. Nc3 Bg7 4. d4 cxd4 5. Nxd4 Nc6 6. Be3 Nf6 7. g3 d6 8. Nde2 Ng4 9. Qc1 Nce5 10. Bg2 Nc4 11. Bd2 Qb6 12. 0-0 Qxb2 13. Qxb2 Nxb2 14. Nd5 Nc4 15. Bc3 Bxc3 16. Nexc3 Rb8 17. h3 Nge5 18. f4 Nc6 19. Rf2 e6 20. Re1 0-0 21. Ne3 N6a5 22. Nxc4 Nxc4 23. Bf1 Na3 24. Rd1 Rd8 25. Rfd2 Kf8 26. Nb5 Nxb5 27. Bxb5 Ke7 28. Bf1 b5 29. Kf2 Rb6 30. c4 bxc4 31. Bxc4 Rb4 32. Bd3 Bb7 33. Rb1 Rxb1 34. Bxb1 f5 35. Ke3 fxe4 36. Rb2 Bc6 37. Bxe4 d5 38. Bd3 d4+ 39. Kd2 Kd6 40. Bc4 e5 41. Kd3 exf4 42. gxf4 Rf8 43. Rf2 Kc5 44. Be6 Bb5+ 45. Kd2 Rf6 46. Bg8 g5 47. f5 h5 48. Bh7 Bc4 49. Rg2 Ra6 50. Rxg5 Rxa2+ 51. Kc1 d3 52. f6+ Kd4 53. Bg8 Kc3 54. Kb1 Rb2+ 55. Ka1 Ra2+ 56. Kb1 Rb2+ 57. Ka1 Rf2 58. Bxc4 Rf1+ 59. Ka2 Kxc4 0-1

[Event "CZE-chT2D 1617"]
[Site "Czech Republic"]
[Date "2016.10.30"]
[Round "2.8"]
[White "Mezlik, Stanislav"]
[Black "Hrobar, Vlastimil"]
[Result "1/2-1/2"]
[WhiteElo "1956"]
[BlackElo "2001"]
[PlyCount "92"]
[EventDate "2016.10.09"]
[EventType "team-tourn"]
[EventRounds "11"]
[EventCountry "CZE"]
[SourceTitle "EXT 2022"]
[Source "ChessBase"]
[SourceDate "2021.10.06"]
[SourceVersion "1"]
[SourceVersionDate "2021.10.06"]
[SourceQuality "1"]
[WhiteTeam "Dalesice Pivovar"]
[BlackTeam "Usti nad Orlici"]
[WhiteTeamCountry "CZE"]
[BlackTeamCountry "CZE"]

1. e4 c6 2. Nc3 d5 3. Nf3 Nf6 4. e5 Ne4 5. d3 Nxc3 6. bxc3 Bg4 7. Be2 e6 8. 0-0 Be7 9. d4 0-0 10. h3 Bh5 11. g4 Bg6 12. Be3 Nd7 13. Qd2 c5 14. Rfb1 Qc7 15. Ne1 cxd4 16. cxd4 f6 17. f4 fxe5 18. fxe5 Nb6 19. Bd3 Nc4 20. Qc3 Bxd3 21. cxd3 Rf1+ 22. Kh2 Qa5 23. Qxa5 Nxa5 24. Ng2 Rxb1 25. Rxb1 Rc8 26. Rb2 b6 27. Nf4 Bg5 28. Nxd5 Rd8 29. Bxg5 Rxd5 30. Be3 Nc6 31. Kg3 Nxd4 32. Bxd4 Rxd4 33. Rb3 Kf7 34. Kf3 Ra4 35. a3 Ke7 36. Ke3 Kd7 37. Rc3 h5 38. d4 hxg4 39. hxg4 g5 40. Ke4 a6 41. Rh3 b5 42. Rh7+ Ke8 43. Rh8+ Kf7 44. Rh7+ Kf8 45. Rh6 Kf7 46. Rh7+ Kf8 1/2-1/2

[Event "CZE-chT2D 1617"]
[Site "Czech Republic"]
[Date "2016.10.09"]
[Round "1.8"]
[White "Mezlik, Stanislav"]
[Black "Komarkova, Magdalena"]
[Result "1/2-1/2"]
[WhiteElo "1956"]
[BlackElo "2000"]
[PlyCount "88"]
[EventDate "2016.10.09"]
[EventType "team-tourn"]
[EventRounds "11"]
[EventCountry "CZE"]
[SourceTitle "EXT 2022"]
[Source "ChessBase"]
[SourceDate "2021.10.06"]
[SourceVersion "1"]
[SourceVersionDate "2021.10.06"]
[SourceQuality "1"]
[WhiteTeam "Dalesice Pivovar"]
[BlackTeam "Policka Stefanydes"]
[WhiteTeamCountry "CZE"]
[BlackTeamCountry "CZE"]

1. d4 d5 2. Nf3 e6 3. c4 f5 4. g3 Nf6 5. Bg2 Be7 6. 0-0 0-0 7. b3 c6 8. Ba3 Ne4 9. Bxe7 Qxe7 10. Qc2 Bd7 11. Nc3 Be8 12. Ne5 Nxc3 13. Qxc3 Nd7 14. Nd3 g5 15. f4 g4 16. Qd2 h5 17. Qe3 Qf6 18. Ne5 Rd8 19. cxd5 exd5 20. b4 Bf7 21. Rac1 Qe6 22. Qb3 a6 23. a4 Nf6 24. Rfd1 Rd6 25. Rc3 Ne4 26. Bxe4 dxe4 27. Qxe6 Bxe6 28. e3 Ra8 29. a5 Rad8 30. Rb1 Kg7 31. Kf2 Rd5 32. Nc4 Rh8 33. Nb6 Rdd8 34. h4 gxh3 35. Rh1 h4 36. Rxh3 hxg3+ 37. Rxg3+ Kf6 38. Rc1 Rh2+ 39. Rg2 Rdh8 40. Rcg1 R8h3 41. Rxh2 Rxh2+ 42. Rg2 Rh1 43. Rg1 Rh2+ 44. Rg2 Rh1 1/2-1/2

[Event "Trebic Highlands op 10th"]
[Site "Trebic"]
[Date "2014.05.21"]
[Round "6"]
[White "Chetverik, Maxim"]
[Black "Mezlik, Stanislav"]
[Result "1/2-1/2"]
[WhiteElo "2260"]
[BlackElo "1879"]
[PlyCount "120"]
[EventDate "2014.05.17"]
[EventType "swiss"]
[EventRounds "9"]
[EventCountry "CZE"]
[SourceTitle "CBM 160 Extra"]
[Source "ChessBase"]
[SourceDate "2014.07.01"]
[SourceVersion "1"]
[SourceVersionDate "2014.07.01"]
[SourceQuality "1"]

1. d4 Nf6 2. c4 g6 3. Nf3 Bg7 4. g3 d5 5. cxd5 Nxd5 6. Bg2 Nb6 7. Nc3 Nc6 8. e3 0-0 9. 0-0 e5 10. d5 Ne7 11. e4 Nc4 12. b3 Nd6 13. h3 Bd7 14. a4 h6 15. Ba3 a6 16. Kh2 Rc8 17. Rc1 Kh7 18. Ne1 f5 19. Nd3 b6 20. f3 Rf7 21. Qe2 Qh8 22. Nb2 Ra8 23. Nb1 Ra7 24. Bxd6 cxd6 25. Rc2 Qb8 26. Rfc1 Rf8 27. Nd2 b5 28. a5 Rc8 29. b4 Rac7 30. Nb3 Rxc2 31. Rxc2 Rxc2 32. Qxc2 Qa7 33. Nd3 f4 34. gxf4 exf4 35. Nbc5 Qc7 36. Qd2 dxc5 37. bxc5 Nc8 38. h4 Bd4 39. Qb4 Bf6 40. d6 Nxd6 41. cxd6 Qc4 42. Qd2 g5 43. e5 Bd8 44. Nf2 Kg7 45. hxg5 hxg5 46. Bh3 Bxh3 47. Kxh3 Qf1+ 48. Kh2 Qc4 49. d7 Qe6 50. Qd4 Kf8 51. Ne4 g4 52. fxg4 Qxg4 53. Nf2 Qg3+ 54. Kh1 f3 55. Qb4+ Kg7 56. Qg4+ Qxg4 57. Nxg4 Kf7 58. Kg1 Ke6 59. Kf2 Kxd7 60. Kxf3 Ke6 1/2-1/2

[Event "Trebic Highlands op 10th"]
[Site "Trebic"]
[Date "2014.05.18"]
[Round "3"]
[White "Richterova, Natasa"]
[Black "Mezlik, Stanislav"]
[Result "1-0"]
[WhiteElo "2053"]
[BlackElo "1879"]
[PlyCount "187"]
[EventDate "2014.05.17"]
[EventType "swiss"]
[EventRounds "9"]
[EventCountry "CZE"]
[SourceTitle "CBM 160 Extra"]
[Source "ChessBase"]
[SourceDate "2014.07.01"]
[SourceVersion "1"]
[SourceVersionDate "2014.07.01"]
[SourceQuality "1"]

1. e4 c5 2. Nf3 d6 3. Bb5+ Bd7 4. Bxd7+ Qxd7 5. c4 Nc6 6. d4 cxd4 7. Nxd4 Nf6 8. Nc3 e6 9. 0-0 Be7 10. b3 0-0 11. Nc2 Rac8 12. Ne3 Qc7 13. Bb2 Rfd8 14. Rc1 Qb8 15. Qe2 a6 16. f3 Qa7 17. Kh1 Rd7 18. Ncd5 exd5 19. cxd5 Rdc7 20. dxc6 Rxc6 21. Rxc6 Rxc6 22. Nf5 b5 23. Rd1 Qc7 24. e5 dxe5 25. Bxe5 Re6 26. f4 Qc8 27. Qf3 Bf8 28. h3 g6 29. Nd4 Rb6 30. f5 Nd7 31. Bg3 Bg7 32. fxg6 hxg6 33. Qg4 f5 34. Qg5 Nf8 35. Qe3 Rb7 36. Nf3 Rd7 37. Rc1 Qd8 38. Be5 Rd1+ 39. Rxd1 Qxd1+ 40. Kh2 Qd7 41. Bg3 Bf6 42. Ne5 Qe6 43. Qc5 Bxe5 44. Qxe5 Qxe5 45. Bxe5 Kf7 46. Kg3 Ke6 47. Bg7 Nh7 48. h4 Kf7 49. Bb2 Ke6 50. Kf4 Nf8 51. Ba3 Nh7 52. Bc5 Nf6 53. Bd4 Ne4 54. Ba1 Kd5 55. h5 gxh5 56. Kxf5 b4 57. Kg6 Ng3 58. Kg5 Ke4 59. Kh4 Ne2 60. Bf6 Kf5 61. Be7 Nc3 62. Bxb4 Nxa2 63. Bd2 Kg6 64. g3 a5 65. Bxa5 Nc1 66. b4 Nd3 67. b5 Nc5 68. Bc7 Nb7 69. b6 Nc5 70. Kh3 Kf5 71. Kh4 Kg6 72. Bd6 Nb7 73. Bf4 Nc5 74. Bd6 Nb7 75. Be7 Na5 76. Kh3 Kf5 77. Kg2 Ke6 78. Bb4 Nb7 79. Kf3 Kf5 80. Be7 Ke6 81. Bg5 Kf5 82. Bf4 Na5 83. Bd6 Nb7 84. Bc7 Nc5 85. Ke3 Nb7 86. Kd4 Ke6 87. Ke4 Nc5+ 88. Kf4 Kf6 89. Bd8+ Kf7 90. Kf5 Nb7 91. Bc7 Nc5 92. Kg5 Ke6 93. Kxh5 Kd7 94. g4 1-0

[Event "CZE-chT2D 1112"]
[Site "Czech Republic"]
[Date "2012.03.25"]
[Round "10.6"]
[White "Mezlik, Stanislav"]
[Black "Pecinka, Martin"]
[Result "0-1"]
[WhiteElo "1893"]
[BlackElo "2067"]
[PlyCount "64"]
[EventDate "2011.10.09"]
[EventType "team-tourn"]
[EventRounds "11"]
[EventCountry "CZE"]
[SourceTitle "EXT 2013"]
[Source "ChessBase"]
[SourceDate "2012.11.22"]
[SourceVersion "1"]
[SourceVersionDate "2012.11.22"]
[SourceQuality "1"]
[WhiteTeam "Trebic Caissa II"]
[BlackTeam "Usti nad Orlici"]
[WhiteTeamCountry "CZE"]
[BlackTeamCountry "CZE"]

1. d4 Nf6 2. c4 e6 3. Nc3 Bb4 4. Nf3 b6 5. g3 Bb7 6. Bg2 Bxc3+ 7. bxc3 0-0 8. 0-0 d6 9. Ba3 c5 10. d5 e5 11. Nd2 Bc8 12. e4 Bg4 13. Qc2 Nbd7 14. Rae1 a6 15. f4 exf4 16. gxf4 Re8 17. Re3 Bf5 18. Qd3 Bg6 19. Rfe1 b5 20. Qf1 Rb8 21. Bh3 bxc4 22. Nxc4 Rxe4 23. Rxe4 Bxe4 24. Nxd6 Bxd5 25. c4 Bc6 26. Qf2 Qa5 27. Bc1 Qc3 28. Bf1 Ng4 29. Bd2 Qf6 30. Ne8 Nxf2 31. Nxf6+ Nxf6 32. Kxf2 Ne4+ 0-1

[Event "CZE-chT2D 1112"]
[Site "Czech Republic"]
[Date "2012.02.05"]
[Round "7.7"]
[White "Zeman, Arnost"]
[Black "Mezlik, Stanislav"]
[Result "1/2-1/2"]
[WhiteElo "2018"]
[BlackElo "1893"]
[PlyCount "90"]
[EventDate "2011.10.09"]
[EventType "team-tourn"]
[EventRounds "11"]
[EventCountry "CZE"]
[SourceTitle "EXT 2013"]
[Source "ChessBase"]
[SourceDate "2012.11.22"]
[SourceVersion "1"]
[SourceVersionDate "2012.11.22"]
[SourceQuality "1"]
[WhiteTeam "Brno Lokomotiva"]
[BlackTeam "Trebic Caissa II"]
[WhiteTeamCountry "CZE"]
[BlackTeamCountry "CZE"]

1. d4 Nf6 2. Nf3 d5 3. Nbd2 e6 4. e3 Be7 5. Bd3 0-0 6. Ne5 b6 7. f4 Bb7 8. Qf3 a6 9. 0-0 Nbd7 10. g4 g6 11. g5 Nh5 12. Ng4 f6 13. gxf6 Ndxf6 14. Ne5 Bd6 15. Qh3 Qe8 16. Ndf3 Ng7 17. Ng5 Nf5 18. Bxf5 exf5 19. Rf2 Qe7 20. Ngf3 Bc8 21. Rg2 Ng4 22. Qg3 Bxe5 23. fxe5 Be6 24. h3 Nh6 25. Ng5 Kh8 26. Bd2 Rfe8 27. Rf1 c6 28. Be1 Ra7 29. Qf4 Qg7 30. Bh4 Ng8 31. Rf3 h6 32. Nxe6 Rxe6 33. Rfg3 Kh7 34. Bd8 b5 35. h4 h5 36. Bf6 Nxf6 37. Rxg6 Qxg6 38. Rxg6 Kxg6 39. Qg5+ Kf7 40. Qxf5 Ra8 41. exf6 Rg8+ 42. Kh2 Rg6 43. Qxh5 Rexf6 44. Qe2 Rf5 45. b3 Rgf6 1/2-1/2

[Event "CZE-chT2D 1112"]
[Site "Czech Republic"]
[Date "2012.01.08"]
[Round "5"]
[White "Mezlik, Stanislav"]
[Black "Cerny, Jan"]
[Result "0-1"]
[WhiteElo "1893"]
[BlackElo "2073"]
[PlyCount "74"]
[EventDate "2011.10.09"]
[EventType "team-tourn"]
[EventRounds "11"]
[EventCountry "CZE"]
[SourceTitle "EXT 2013"]
[Source "ChessBase"]
[SourceDate "2012.11.22"]
[SourceVersion "1"]
[SourceVersionDate "2012.11.22"]
[SourceQuality "1"]
[WhiteTeam "Trebic Caissa II"]
[BlackTeam "Polabiny III"]
[WhiteTeamCountry "CZE"]
[BlackTeamCountry "CZE"]

1. d4 d5 2. Nf3 Nf6 3. g3 c6 4. Bg2 Bf5 5. 0-0 e6 6. c4 Nbd7 7. Nc3 Be7 8. Qb3 Qb6 9. c5 Qxb3 10. axb3 0-0 11. b4 a6 12. Bf4 h6 13. Nd2 g5 14. Bc7 Rac8 15. Ba5 e5 16. dxe5 Nxe5 17. f4 gxf4 18. Rxf4 Bg6 19. Bh3 Rce8 20. Rd4 Bd8 21. Rf1 Bxa5 22. bxa5 Kg7 23. b4 Re7 24. Rf2 Rfe8 25. Nd1 Ne4 26. Nxe4 Bxe4 27. Ne3 Nd7 28. Nf5+ Bxf5 29. Bxf5 Nf6 30. Bd3 Ne4 31. Rf4 h5 32. Bxe4 Rxe4 33. Rfxe4 Rxe4 34. Rxe4 dxe4 35. Kf2 Kf6 36. Ke3 Ke5 37. h3 f6 0-1

[Event "CZE-chT2D 1011"]
[Site "Czech Republic"]
[Date "2011.03.27"]
[Round "10"]
[White "Mezlik, Stanislav"]
[Black "Bednar, Jakub"]
[Result "0-1"]
[WhiteElo "1886"]
[BlackElo "2114"]
[PlyCount "56"]
[EventDate "2010.10.17"]
[EventType "team-tourn"]
[EventRounds "11"]
[EventCountry "CZE"]
[SourceTitle "EXT 2012"]
[Source "ChessBase"]
[SourceDate "2011.11.24"]
[SourceVersion "1"]
[SourceVersionDate "2011.11.24"]
[SourceQuality "1"]
[WhiteTeam "Trebic Caissa II"]
[BlackTeam "Brno Lokomotiva"]
[WhiteTeamCountry "CZE"]
[BlackTeamCountry "CZE"]

1. Nf3 Nf6 2. g3 b6 3. Bg2 Bb7 4. c4 e6 5. 0-0 Be7 6. d3 0-0 7. e4 d6 8. Nc3 c5 9. h3 Nc6 10. Be3 Ne8 11. d4 Bf6 12. Rc1 Nc7 13. Nb5 Nxb5 14. cxb5 Na5 15. dxc5 dxc5 16. Qc2 Qe8 17. a4 a6 18. e5 Be7 19. Qe2 axb5 20. axb5 Rb8 21. Nd2 Bd5 22. Ne4 c4 23. Nc3 Bxg2 24. Kxg2 Bb4 25. Ne4 Qxb5 26. Kh2 Be7 27. Qg4 Qxe5 28. Nc3 Qf6 0-1

[Event "CZE-chT2D 1011"]
[Site "Czech Republic"]
[Date "2010.11.07"]
[Round "2"]
[White "Tesar, Jan"]
[Black "Mezlik, Stanislav"]
[Result "1-0"]
[WhiteElo "2143"]
[BlackElo "1886"]
[PlyCount "45"]
[EventDate "2010.10.17"]
[EventType "team-tourn"]
[EventRounds "11"]
[EventCountry "CZE"]
[SourceTitle "EXT 2012"]
[Source "ChessBase"]
[SourceDate "2011.11.24"]
[SourceVersion "1"]
[SourceVersionDate "2011.11.24"]
[SourceQuality "1"]
[WhiteTeam "Trebic Caissa"]
[BlackTeam "Trebic Caissa II"]
[WhiteTeamCountry "CZE"]
[BlackTeamCountry "CZE"]

1. d4 Nf6 2. Bg5 d5 3. Nd2 e6 4. Ngf3 Be7 5. e3 Nbd7 6. Bd3 0-0 7. 0-0 b6 8. c4 Bb7 9. Qe2 Ne4 10. Bf4 c5 11. cxd5 exd5 12. Rfd1 c4 13. Bc2 b5 14. Nxe4 dxe4 15. Nd2 f5 16. b3 Nb6 17. bxc4 bxc4 18. Nxc4 Ba6 19. Bb3 Kh8 20. Rac1 Rc8 21. Rc2 Nd5 22. Qh5 Nb4 23. Ne5 1-0